Paroles - Magnolias for Ever -Claude François - Statistiques

Statistiques générales
  • Ce quiz a été pris 876 fois
  • Le résultat moyen est 226 sur 309
Statistiques - réponses
Réponse % Correct
Je
97%
je
97%
elle
95%
Elle
95%
comme
94%
Comme
94%
le
94%
magnolias
94%
à
93%
les
93%
Les
93%
sa
93%
De
92%
de
92%
ne
91%
par
91%
que
91%
Que
91%
et
90%
Et
90%
me
89%
plus
89%
faire
88%
Qui
88%
qui
88%
sais
88%
comment
87%
Quand
87%
quand
87%
des
86%
Des
86%
toujours
86%
peu
85%
suis
85%
84%
84%
la
84%
parle
84%
chansons
83%
pense
83%
is
82%
Is
82%
j'ai
82%
y
82%
dans
81%
Dans
81%
on
80%
ces
79%
d'amour
79%
d'hirondelles
79%
d'hirondelles...
79%
sont
79%
un
79%
Un
79%
parlent
78%
j'aime
77%
j'entends
76%
J'entends
76%
peux
76%
te
76%
rien
75%
se
75%
si
75%
Si
75%
musiques
74%
nouvelles
74%
74%
ou
74%
74%
Dites-lui
73%
est
72%
the
72%
Tu
72%
tu
72%
il
71%
she
71%
in
70%
night
70%
or
70%
right
69%
fleurs
68%
frissons
68%
ressemble
68%
centaines
67%
en
67%
wrong
67%
champ
65%
lui
65%
pour
65%
ta
65%
grand
64%
toutes
64%
fait
63%
pas
63%
voix
63%
belles
62%
chagrin,
62%
girl
62%
tremble
60%
autrefois
59%
combats
59%
parfois
58%
Parfois
58%
qu'elle
57%
Your
57%
ça
56%
coeur
56%
crying
55%
bruits
54%
peur
54%
vent
54%
résonnent
53%
filles
51%
s'en
51%
Burning
50%
burning
50%
lâche
50%
noir
50%
prise
50%
soumise
50%
pleure
49%
arbres
48%
va
48%
brise
46%
ressembles
46%
forte
44%
shining
44%
elles
43%
amour
42%
froid
42%
plie
39%
sous-sols
39%
bright
38%
souvent
38%
désespoir
37%
fière
36%
t'en
35%
aime
33%
casse
33%
était
33%
vas
33%
crier
30%
doigts
30%
Qu'elles
30%
verras
30%
timides
29%
soient
27%
violettes
27%
j'arrive
26%
méchantes
26%
rit
26%
vient
26%
brûle
23%
Pauvres
23%
tempête
23%
déserts
19%
grands
19%
humides
18%
aiment
16%
ciels
16%
Aucun quiz correspondant
Distribution des résultats
% des personnes avec chaque résultat
Percentile par nombre de réponses
Votre historique - résultats
Vous n’avez pas pris ce quiz